000 00886nam a22002057a 4500
003 OSt
005 20241001141509.0
008 230612b ||||| |||| 00| 0 eng d
040 _cSSBUL
041 _abur
082 _a၀၂၇.၀၅၉၁ လူ
_b၁၃၁၂၅ S-SAT
100 0 _aလူဖေဝင်း၊ ဦး။
_925731
245 1 0 _aမြန်မာပိဋကတ်တိုက်များ /
_cဦးလူဖေဝင်း။
260 _aရန်ကုန် ၊
_bစာပေဗိမာန်၊
_c၁၉၆၆။
300 _a၉၅စာမျက်နှာ ၊
_c၁၈ စင်တီ။
490 _aစာပေဗိမာန်ထုတ်ပြည့်သူ့လက်စွဲစာစဉ်
500 _aS-SAT: Dr Sai Aung Tun Collection.
650 _aပိဋကတ်တိုက်
_zမြန်မာ
_948474
942 _cBK1
_2ddc
999 _c40890
_d40890